[Event "Ch Europe (juniors) (under 14)"]
[Site "masterchessopen.com Litohoto (Greece)"]
[Round "3"]
[White "Miljkovic Miroslav (SRB)"]
[Black "Bartel Mateusz (POL)"]
[Result "1-0"]
[WhiteElo "2200"]
[BlackElo "2343"]

1.d4 Nf6 2.c4 e6 3.Nc3 Bb4 4.Qc2 c5 5.dxc5 O-O 6.a3 Bxc5 7.Nf3 b6 8.Bg5 Bb7
9.e3 Nc6 10.Be2 Be7 11.O-O Rc8 12.Rfd1 Na5 13.Nd2 a6 14.b4 Nc6 15.Bf3 Qc7
16.Bf4 d6 17.Rac1 Nd7 18.Nd5 Qd8 19.Nxe7+ Qxe7 20.c5 dxc5 21.Nc4 e5 22.Bg3
cxb4 23.Nd6 Nd4 24.Nxc8 Nxf3+ 25.gxf3 Rxc8 26.Qxc8+ Bxc8 27.Rxc8+ Nf8 28.axb4
f6 29.Rdd8 a5 30.bxa5 bxa5 31.f4 Kf7 32.Rxf8+ {#r} 1-0

[Event "Ch Europe (juniors) (under 16)"]
[Site "masterchessopen.com Litohoto (Greece)"]
[Round "5"]
[White "Zivanic Marko (SRB)"]
[Black "Botvinnik Mikhail (ISR)"]
[Result "1-0"]
[WhiteElo "2300"]
[BlackElo "2246"]

1.d4 Nf6 2.c4 e6 3.Nc3 Bb4 4.Qc2 c5 5.dxc5 O-O 6.a3 Bxc5 7.Nf3 b6 8.e3 Bb7
9.Be2 d5 10.cxd5 Nxd5 11.Nxd5 Bxd5 12.O-O Nd7 13.e4 Rc8 14.Ba6 Bc6 15.Bxc8
Qxc8 16.b4 Be7 17.Bg5 f6 18.Rac1 Nb8 19.Nd4 Bb7 20.Qb3 Qd7 21.Nxe6 fxg5 22.Rc7
Qxc7 23.Nxc7+ Kh8 24.Qe6 Bd8 25.Qd6 Rg8 26.Rd1 Nc6 27.b5 Bxc7 28.Qxc7 Na5
29.Rd8 Bxe4 30.Rxg8+ Kxg8 31.Qxa7 Nc4 32.Qe7 Bg6 33.Qe6+ {#r} 1-0

[Event "Ch Poland (team) (region)"]
[Site "masterchessopen.com Poland"]
[Round "0"]
[White "Panczyszyn Wiktor (POL)"]
[Black "Maciol Ryszard (POL)"]
[Result "0-1"]
[WhiteElo "2108"]
[BlackElo "2048"]

1.d4 Nf6 2.c4 e6 3.Nc3 Bb4 4.Qc2 c5 5.dxc5 O-O 6.Nf3 Na6 7.e3 Nxc5 8.a3 Bxc3+
9.Qxc3 Nce4 10.Qc2 b6 11.Bd3 Bb7 12.O-O Rc8 13.Nd2 Nc5 14.Be2 d5 15.Qd1 Qe7
16.b4 Nce4 17.Qb3 Rfd8 18.Nxe4 Nxe4 19.Ra2 dxc4 20.Bxc4 Nd6 21.Be2 Bd5 22.Qb1
Ne4 23.Rc2 Nc3 24.Rxc3 Rxc3 25.Bb2 Rcc8 26.Bd3 h6 27.Re1 Qg5 28.e4 Bc4 29.Bc2
Ba2 30.Qxa2 Rxc2 {#R} 0-1

[Event "It (open)"]
[Site "masterchessopen.com Skelleftea (Sweden)"]
[Round "9"]
[White "Hillarp Persson Tiger (SWE)"]
[Black "Engman Rikard (SWE)"]
[Result "1-0"]
[WhiteElo "2507"]
[BlackElo "2065"]

1.d4 Nf6 2.c4 e6 3.Nc3 Bb4 4.Qc2 c5 5.dxc5 O-O 6.a3 Bxc5 7.Nf3 d5 8.Bg5 dxc4
9.Rd1 Nbd7 10.e3 Qc7 11.Bf4 e5 12.Bg3 a6 13.Bxc4 b5 14.Ba2 Bb7 15.Ng5 h6 16.h4
Rac8 17.Rxd7 Qxd7 18.Bxe5 hxg5 19.Bxf6 Rfd8 20.Bxd8 Rxd8 21.hxg5 Bxg2 22.Rh4
Kf8 23.Nd5 {#r} 1-0

[Event "Ch Slovakia (team) 1998/99 (1 liga) East"]
[Site "masterchessopen.com Slovakia"]
[Round "9"]
[White "Kantorik Marian (SVK)"]
[Black "Staricek Peter (SVK)"]
[Result "1-0"]
[WhiteElo "2301"]
[BlackElo "2119"]

1.d4 Nf6 2.c4 e6 3.Nc3 Bb4 4.Qc2 c5 5.dxc5 O-O 6.a3 Bxc3+ 7.Qxc3 Ne4 8.Qc2 f5
9.b4 a5 10.Rb1 axb4 11.axb4 Nc6 12.e3 b6 13.cxb6 Qxb6 14.c5 Qb8 15.f3 Nf6
16.Bd2 Qe5 17.b5 Ne7 18.Bd3 Ned5 19.Qb2 Qb8 20.Ne2 Ra4 21.O-O d6 22.Qb3 Ra8
23.e4 fxe4 24.fxe4 Ne7 25.Bf4 Ne8 26.Bc4 {#r} 1-0

[Event "It (w)"]
[Site "masterchessopen.com St. Petersburg (Russia)"]
[Round "5"]
[White "Razuvajeva Juli (RUS)"]
[Black "Rakitskaja Mariya (RUS)"]
[Result "0-1"]
[WhiteElo "2242"]
[BlackElo "2159"]

1.d4 Nf6 2.c4 e6 3.Nc3 Bb4 4.Qc2 c5 5.dxc5 O-O 6.Nf3 Na6 7.e3 Nxc5 8.a3 Bxc3+
9.Qxc3 a5 10.b3 a4 11.b4 Nb3 12.Bb2 Nxa1 13.Bxa1 d6 14.g4 e5 15.g5 Ne4 16.Qc2
Nxg5 17.Be2 Nh3 18.Bd3 h6 19.Be4 Qe7 20.c5 dxc5 21.bxc5 Ra5 22.Bxe5 Rxc5
23.Qb2 f6 24.Qb1 fxe5 25.Bh7+ Kh8 26.Nd2 Ng5 27.Bd3 Qf6 28.Rf1 Bh3 29.Qxb7
Rc1+ {#R} 0-1

[Event "It (open) \"]
[Site "masterchessopen.com Crailsheim (Germany)"]
[Date "1999.05.23"]
[Round "4"]
[White "Koenig Oliver (GER)"]
[Black "Baerwinkel Tobias (GER)"]
[Result "0-1"]
[WhiteElo "2039"]
[BlackElo "2156"]

1.d4 Nf6 2.c4 e6 3.Nc3 Bb4 4.Qc2 c5 5.dxc5 O-O 6.Bf4 Na6 7.Bd6 Re8 8.a3 Qa5
9.Rc1 Bxc3+ 10.Qxc3 Qxc3+ 11.Rxc3 Ne4 12.Rc1 Naxc5 13.Bxc5 Nxc5 14.b4 Na4
15.e3 a5 16.Bd3 axb4 17.axb4 Nb2 18.Bc2 Nxc4 19.Bxh7+ Kxh7 20.Rxc4 b5 21.Rc1
Bb7 22.f3 Ra2 23.Ne2 Bd5 24.Nc3 Rxg2 25.Nxd5 exd5 {#R} 0-1

[Event "It (open)"]
[Site "masterchessopen.com Andorra"]
[Round "2"]
[White "Granero Roca Antonio (ESP)"]
[Black "Marin Mihail (ROM)"]
[Result "0-1"]
[WhiteElo "2405"]
[BlackElo "2557"]

1.d4 Nf6 2.c4 e6 3.Nc3 Bb4 4.Qc2 c5 5.dxc5 O-O 6.a3 Bxc5 7.Nf3 b6 8.Bf4 Nh5
9.Bg5 Be7 10.Bxe7 Qxe7 11.e3 Bb7 12.Be2 Nc6 13.Rd1 Rac8 14.O-O Nf6 15.b4 Rfd8
16.Qb2 d6 17.Rd2 Ng4 18.Rfd1 Nce5 19.Nb5 Nxf3+ 20.gxf3 Ne5 21.e4 Qg5+ 22.Kh1
d5 23.Qd4 Qh5 24.Rg1 g6 25.Qe3 Nxc4 26.Bxc4 Rxc4 27.Nxa7 d4 28.Qf4 e5 29.Qg3
Rc3 {#R} 0-1

[Event "Ch Azerbaijan (team) (active)"]
[Site "masterchessopen.com Baku (Azerbaijan)"]
[Round "0"]
[White "Guseinov Aidyn (AZE)"]
[Black "Gashimov Vugar (AZE)"]
[Result "0-1"]
[WhiteElo "2503"]
[BlackElo "2407"]

1.d4 Nf6 2.c4 e6 3.Nc3 Bb4 4.Qc2 c5 5.dxc5 O-O 6.a3 Bxc5 7.Nf3 Nc6 8.Bf4 b6
9.Rd1 Bb7 10.Nb5 Ne8 11.Ng5 g6 12.Ne4 f5 13.Ned6 Nxd6 14.Nxd6 Bc8 15.h4 Qe7
16.e3 e5 17.Bg5 Qg7 18.h5 h6 19.hxg6 Qxg6 20.Bxh6 Bxd6 21.c5 bxc5 {#R} 0-1

[Event "It (open)"]
[Site "masterchessopen.com Barcelona (Spain)"]
[Round "3"]
[White "Plachkinova Tatjana G (BUL)"]
[Black "Campos Moreno Javier B (CHI)"]
[Result "0-1"]
[WhiteElo "2171"]
[BlackElo "2491"]

1.d4 Nf6 2.c4 e6 3.Nc3 Bb4 4.Qc2 c5 5.dxc5 O-O 6.a3 Bxc5 7.Nf3 b6 8.e3 Bb7
9.Be2 a6 10.O-O Be7 11.b3 d6 12.Rd1 Nbd7 13.Bb2 Qc7 14.Rac1 Rfc8 15.Nd4 Rab8
16.Rd2 Nc5 17.f3 Ba8 18.b4 Ncd7 19.Qd1 Ne5 20.c5 bxc5 21.Bxa6 Rd8 22.Nb3 Qa7
23.b5 Nc4 24.Re2 d5 25.Na4 Nxb2 26.Rxb2 c4 27.Re2 cxb3 28.Qxb3 d4 29.exd4
Qxd4+ 30.Kh1 Bd5 31.Qc2 Bd6 32.Qd1 Qh4 33.Qg1 Nh5 {#R} 0-1

[Event "It (open) \"]
[Site "masterchessopen.com Gausdal (Norway)"]
[Round "7"]
[White "Anderton David W (ENG)"]
[Black "Putka Verner (LAT)"]
[Result "0-1"]
[WhiteElo "2212"]
[BlackElo "2263"]

1.d4 Nf6 2.c4 e6 3.Nc3 Bb4 4.Qc2 c5 5.dxc5 O-O 6.a3 Bxc5 7.Nf3 Nc6 8.Bf4 d5
9.Rb1 Re8 10.e3 e5 11.Bg5 d4 12.Nd5 Be6 13.e4 Rc8 14.b4 Bxd5 15.exd5 e4 16.Ng1
d3 17.Qa2 Bxb4+ 18.Rxb4 Nxb4 19.Qb3 Nc2+ 20.Kd2 Qa5+ 21.Kc1 Nd4 {#R} 0-1

[Event "Hessenliga 1999/00"]
[Site "masterchessopen.com Germany"]
[Round "9"]
[White "Baulig Bjoern (GER)"]
[Black "Schulte Stefanie (GER)"]
[Result "1-0"]
[WhiteElo "2114"]
[BlackElo "2115"]

1.d4 Nf6 2.c4 e6 3.Nc3 Bb4 4.Qc2 c5 5.dxc5 O-O 6.Nf3 Nc6 7.e3 Bxc5 8.a3 d5
9.cxd5 exd5 10.Bd3 Qc7 11.O-O Ne5 12.Nxe5 Qxe5 13.b4 Bd6 14.f4 Qh5 15.Nb5 Bb8
16.Rf3 Bg4 17.Rg3 Rc8 18.Qd2 Qh4 19.Nd4 Ne4 20.Bxe4 dxe4 21.Bb2 Bc7 22.Nf5
Bxf5 23.Rxg7+ Kf8 24.Qd5 Qh5 25.Qc5+ Ke8 26.Bf6 Bd8 27.Qd6 {#r} 1-0

[Event "It (open)"]
[Site "masterchessopen.com Mehlingen (Germany)"]
[Round "4"]
[White "Neurohr Juergen (GER)"]
[Black "Schnicke Robert (GER)"]
[Result "0-1"]
[WhiteElo "2085"]
[BlackElo "2325"]

1.d4 Nf6 2.c4 e6 3.Nc3 Bb4 4.Qc2 c5 5.dxc5 O-O 6.Nf3 Na6 7.g3 Nxc5 8.Bg2 Nce4
9.Bd2 Nxd2 10.Nxd2 d5 11.cxd5 Nxd5 12.Nxd5 exd5 13.a3 Ba5 14.O-O Qg5 15.b4 Bb6
16.Nf3 Qf6 17.Qd2 Be6 18.Rac1 Rad8 19.e3 Bf5 20.Nd4 Be4 21.Rfd1 h5 22.Nb3 h4
23.Nc5 Bxg2 24.Kxg2 h3+ 25.Kxh3 Qf3 26.Nxb7 Rd7 27.Rc4 g5 {#R} 0-1

[Event "NRW-liga 1999/00"]
[Site "masterchessopen.com NRW (Germany)"]
[Round "7"]
[White "Maksimenko Andrei (UKR)"]
[Black "Cekro Ekrem (BEL)"]
[Result "1-0"]
[WhiteElo "2503"]
[BlackElo "2390"]

1.d4 Nf6 2.c4 e6 3.Nc3 Bb4 4.Qc2 c5 5.dxc5 O-O 6.a3 Bxc5 7.Nf3 Nc6 8.Bg5 Nd4
9.Nxd4 Bxd4 10.e3 Qa5 11.exd4 Qxg5 12.Qd2 Qxd2+ 13.Kxd2 b6 14.Bd3 Ba6 15.Rhc1
Rfc8 16.Nd1 d6 17.Ne3 Rc7 18.b4 Bb7 19.f3 g6 20.Be2 Nd7 21.g4 g5 22.h4 h6
23.Rh1 Nf6 24.Rac1 a5 25.b5 Rac8 26.Rc2 d5 27.hxg5 hxg5 28.Rhc1 dxc4 29.Nxc4
Nd7 30.Ke3 Bd5 31.Bd3 Bxc4 32.Bxc4 Nf6 {#r} 1-0

[Event "Cup Croatia"]
[Site "masterchessopen.com Pula (Croatia)"]
[Round "2"]
[White "Zaja Ivan (CRO)"]
[Black "Bistric Faruk (BIH)"]
[Result "0-1"]
[WhiteElo "2513"]
[BlackElo "2451"]

1.d4 Nf6 2.c4 e6 3.Nc3 Bb4 4.Qc2 c5 5.dxc5 O-O 6.a3 Bxc5 7.Nf3 h6 8.Bf4 Nh5
9.Bd2 f5 10.Na4 b6 11.e4 Bb7 12.Nxc5 bxc5 13.Bd3 Qc7 14.exf5 exf5 15.O-O-O Nf4
16.Bc3 Nxg2 17.Ne5 Nc6 18.Ng6 Rf7 19.Bxf5 Re8 20.Rhg1 Nd4 21.Bxd4 cxd4 22.Rxd4
Ne1 23.Qd1 Nf3 24.Rxd7 Qxc4+ 25.Bc2 Nxg1 26.Rxf7 Be4 27.Rf4 Ne2+ {#R} 0-1

[Event "It (open)"]
[Site "masterchessopen.com Salou (Spain)"]
[Round "2"]
[White "Plachkinova Tatjana G (BUL)"]
[Black "Kovacevic Aleksandar (SRB)"]
[Result "0-1"]
[WhiteElo "2171"]
[BlackElo "2513"]

1.d4 Nf6 2.c4 e6 3.Nc3 Bb4 4.Qc2 c5 5.dxc5 O-O 6.Nf3 Na6 7.a3 Bxc3+ 8.Qxc3
Nxc5 9.Bf4 d5 10.e3 b6 11.Be2 Ba6 12.b4 Nce4 13.Qb3 Bxc4 14.Bxc4 dxc4 15.Qxc4
Rc8 16.Qa6 e5 17.Bg3 Nxg3 18.hxg3 e4 19.Nd4 Ng4 20.Qe2 Ne5 21.O-O Qg5 22.Rfe1
Nd3 23.Red1 Rfd8 24.f3 Qxg3 25.fxe4 Ne5 26.Nf5 Qg5 27.Rac1 g6 28.Rxc8 Rxc8
29.Nd4 Rc3 30.Nc2 Ng4 31.Qd2 Rxc2 32.Qxc2 Qxe3+ 33.Kh1 Qh6+ {#R} 0-1

[Event "Memorial M.Chigorin (open)"]
[Site "masterchessopen.com St. Petersburg (Russia)"]
[Round "8"]
[White "Doroshkievich Vladimir K (RUS)"]
[Black "Zavgorodniy Sergiy (UKR)"]
[Result "1-0"]
[WhiteElo "2414"]
[BlackElo "2225"]

1.d4 Nf6 2.c4 e6 3.Nc3 Bb4 4.Qc2 c5 5.dxc5 O-O 6.a3 Bxc5 7.Nf3 Nc6 8.Bg5 Nd4
9.Nxd4 Bxd4 10.e3 Qa5 11.exd4 Qxg5 12.Qd2 Qxd2+ 13.Kxd2 b6 14.f3 Bb7 15.b4 d6
16.Bd3 Rfd8 17.Rhb1 Rd7 18.a4 a5 19.bxa5 bxa5 20.Rb6 Ne8 21.Rab1 Ra7 22.Ke3 e5
23.dxe5 Re7 24.Kf2 dxe5 25.c5 Bc8 26.Nd5 Red7 27.Rb8 {#r} 1-0

[Event "Ch Poland (team)"]
[Site "masterchessopen.com Zakopane (Poland)"]
[Round "8"]
[White "Sygulski Boguslaw (POL)"]
[Black "Dydyshko Viacheslav (BLR)"]
[Result "1-0"]
[WhiteElo "2355"]
[BlackElo "2525"]

1.d4 Nf6 2.c4 e6 3.Nc3 Bb4 4.Qc2 c5 5.dxc5 O-O 6.Nf3 Na6 7.e3 Nxc5 8.Bd2 b6
9.Be2 Bb7 10.O-O Qe7 11.a3 Bxc3 12.Bxc3 Rac8 13.Ng5 Nfe4 14.Nxe4 Bxe4 15.Qd1
Qg5 16.g3 Qg6 17.Bb4 Rfd8 18.Bxc5 bxc5 19.f3 Bb7 20.Qb3 Rb8 21.Qc3 a5 22.Qxa5
Qc2 23.Kf2 Qb3 24.Rfd1 Bc6 25.Rd2 Rdc8 26.Rc1 Qb7 27.Qxc5 f5 28.b4 Qa8 29.Rc3
g5 30.h3 Kf7 31.Qe5 {#r} 1-0

[Event "It \"]
[Site "masterchessopen.com Kecskemet (Hungary)"]
[Date "2000.06.17"]
[Round "1"]
[White "Bromberger Stefan (GER)"]
[Black "Sarosi Zoltan (HUN)"]
[Result "0-1"]
[WhiteElo "2375"]
[BlackElo "2351"]

1.d4 Nf6 2.c4 e6 3.Nc3 Bb4 4.Qc2 c5 5.dxc5 O-O 6.Bg5 Na6 7.a3 Bxc3+ 8.Qxc3
Nxc5 9.f3 a5 10.Nh3 d6 11.Nf4 Nfe4 12.Bxd8 Nxc3 13.Be7 Re8 14.bxc3 Rxe7 15.Nd3
Na4 16.e3 Rc7 {#R} 0-1

[Event "Ch Ukraine (team)"]
[Site "masterchessopen.com Alushta (Ukraine)"]
[Round "2"]
[White "Truskavetsky Alexandr (UKR)"]
[Black "Zubarev Alexander (UKR)"]
[Result "0-1"]
[WhiteElo "2293"]
[BlackElo "2455"]

1.d4 Nf6 2.c4 e6 3.Nc3 Bb4 4.Qc2 c5 5.dxc5 O-O 6.Nf3 Na6 7.a3 Bxc3+ 8.Qxc3
Nxc5 9.b4 Nce4 10.Qc2 a5 11.Rb1 axb4 12.axb4 d5 13.Nd2 e5 14.Nxe4 Nxe4 15.e3
Qg5 16.f3 Qh4+ 17.g3 Nxg3 18.Qf2 Nf5 19.cxd5 Qe7 20.Bg2 Nh4 21.O-O Ra6 22.Kh1
Nxg2 23.Qxg2 Rg6 24.Qc2 Bh3 25.Rg1 Rc8 26.Qf2 e4 27.Bb2 Bf5 28.f4 Bg4 29.Rxg4
Rxg4 30.Qd2 Qh4 31.d6 Qh3 32.Qe2 Rg6 33.Rd1 h5 34.b5 Rc2 {#R} 0-1

[Event "It (open)"]
[Site "masterchessopen.com Augsburg (Germany)"]
[Round "4"]
[White "Steiger Walfried (GER)"]
[Black "Steffen Kevin (GER)"]
[Result "0-1"]
[WhiteElo "2053"]
[BlackElo "2155"]

1.d4 Nf6 2.c4 e6 3.Nc3 Bb4 4.Qc2 c5 5.dxc5 O-O 6.Bf4 Bxc5 7.e3 Nc6 8.a3 Nh5
9.Bg3 h6 10.Be2 Nxg3 11.hxg3 b6 12.Bf3 Bb7 13.Nge2 Qc7 14.O-O-O Ne5 15.Nb5 Qb8
16.Nbd4 Bxd4 17.Rxd4 Nxf3 18.gxf3 Bxf3 19.Rg1 d5 20.g4 Qh2 21.Rg3 {#R} 0-1

[Event "Ch Netherlands (team) 2001 (play-off)"]
[Site "masterchessopen.com Breda (Netherlands)"]
[Round "1"]
[White "Ljubojevic Ljubomir (SRB)"]
[Black "Chuchelov Vladimir (BEL)"]
[Result "0-1"]
[WhiteElo "2548"]
[BlackElo "2607"]

1.d4 Nf6 2.c4 e6 3.Nc3 Bb4 4.Qc2 c5 5.dxc5 O-O 6.Nf3 Na6 7.a3 Bxc3+ 8.Qxc3
Nxc5 9.Bf4 b6 10.e3 Ba6 11.Rd1 Rc8 12.Be5 Nce4 13.Qb4 Rc5 14.Bd4 Rc7 15.Be5 d6
16.Be2 Qc8 17.Bxd6 Nxd6 18.Qxd6 Rd7 19.Qb4 Rxd1+ 20.Kxd1 b5 21.cxb5 Rd8+
22.Nd4 Bb7 23.Kd2 Ne4+ 24.Kd3 e5 {#R} 0-1

[Event "Ch Europe (juniors) (under 16)"]
[Site "masterchessopen.com Chalkidiki (Greece)"]
[Round "5"]
[White "Maiorov Nikita (BLR)"]
[Black "Deva Chetan (ENG)"]
[Result "1-0"]
[WhiteElo "2352"]
[BlackElo "2075"]

1.d4 Nf6 2.c4 e6 3.Nc3 Bb4 4.Qc2 c5 5.dxc5 O-O 6.a3 Bxc5 7.Nf3 b6 8.Bg5 Be7
9.e4 Nc6 10.Be2 Bb7 11.O-O Qc7 12.Rfd1 a6 13.Rac1 Rac8 14.Qb1 Rfd8 15.Nd5 exd5
16.cxd5 h6 17.Bh4 Qb8 18.dxc6 dxc6 19.Bg3 Qa8 20.e5 Nd5 21.Qf5 g6 22.Qh3 Kg7
23.e6 f5 24.Be5+ Bf6 25.Qg3 c5 26.Bxf6+ Nxf6 27.Nh4 g5 28.Nxf5+ Kh7 29.Qh3 Ng8
30.Qc3 Rc7 31.e7 Rxe7 32.Nxe7 Nxe7 33.Qf6 {#r} 1-0

[Event "Ch Europe (juniors) (under 18) (g)"]
[Site "masterchessopen.com Chalkidiki (Greece)"]
[Round "2"]
[White "Iglesias Gascon Albanta (ESP)"]
[Black "Urosevic Marija (SRB)"]
[Result "0-1"]
[WhiteElo "1981"]
[BlackElo "2049"]

1.d4 Nf6 2.c4 e6 3.Nc3 Bb4 4.Qc2 c5 5.dxc5 O-O 6.a3 Bxc5 7.Nf3 b6 8.e3 Bb7
9.Be2 Nc6 10.O-O Rc8 11.b4 Be7 12.Bb2 Qc7 13.Nb5 Qb8 14.Rad1 d5 15.Qb3 dxc4
16.Bxc4 Rfd8 17.Nbd4 Nxd4 18.Nxd4 Ng4 19.f4 Rxc4 20.Qxc4 Nxe3 21.Qc1 Nxd1
22.Rxd1 Bf6 23.Ba1 Qd6 24.Qe3 Qd5 25.Rd2 Qc4 26.Kf2 Qc1 27.Bb2 Qxb2 {#R} 0-1

[Event "Ch England (team) 2000/01 (3 div)"]
[Site "masterchessopen.com England"]
[Round "8"]
[White "Hardy Roger (ENG)"]
[Black "Baruch Andrew J D (ENG)"]
[Result "0-1"]
[WhiteElo "2025"]
[BlackElo "2079"]

1.d4 Nf6 2.c4 e6 3.Nc3 Bb4 4.Qc2 c5 5.dxc5 O-O 6.a3 Bxc5 7.b4 Be7 8.Bb2 a5
9.b5 d6 10.e3 Nbd7 11.Na4 Nb6 12.Nxb6 Qxb6 13.Bd3 e5 14.Ne2 Be6 15.Ng3 Rfc8
16.Qe2 e4 17.Nxe4 Nxe4 18.Bxe4 Bxc4 19.Bd3 Qxb5 20.Bxc4 Qxc4 21.Qxc4 Rxc4
22.Kd2 Rac8 23.Rac1 b5 24.e4 {#R} 0-1

[Event "It \"]
[Site "masterchessopen.com Framingham (USA)"]
[Round "8"]
[White "Kaufman Larry C (USA)"]
[Black "Harmon Clark (USA)"]
[Result "1-0"]
[WhiteElo "2413"]
[BlackElo "2207"]

1.d4 Nf6 2.c4 e6 3.Nc3 Bb4 4.Qc2 c5 5.dxc5 O-O 6.a3 Bxc5 7.Nf3 b6 8.Bf4 Bb7
9.Rd1 Be7 10.e4 Nc6 11.Bd3 h6 12.O-O Rc8 13.Qe2 Ne8 14.e5 f5 15.exf6 Nxf6
16.Bg3 Nh5 17.Bb1 Na5 18.Ne5 Nf6 19.Nxd7 Nxd7 20.Qxe6+ Rf7 21.Rxd7 Qf8 22.Bg6
Re8 23.Nd5 Bc8 24.Bxf7+ Qxf7 25.Nxe7+ Rxe7 {#r} 1-0

[Event "It (open)"]
[Site "masterchessopen.com Lorca (Spain)"]
[Round "3"]
[White "Zlotnik Boris A (RUS)"]
[Black "Suba Mihai (ROM)"]
[Result "1-0"]
[WhiteElo "2423"]
[BlackElo "2535"]

1.d4 Nf6 2.c4 e6 3.Nc3 Bb4 4.Qc2 c5 5.dxc5 O-O 6.a3 Bxc5 7.Nf3 Nc6 8.Bg5 Nd4
9.Nxd4 Bxd4 10.e3 Qa5 11.exd4 Qxg5 12.Qd2 Qxd2+ 13.Kxd2 d6 14.f3 Bd7 15.Bd3
Rfc8 16.Rac1 Kf8 17.b4 Rc7 18.Rhe1 Rac8 19.a4 Rxc4 20.Bxc4 Rxc4 21.Kd3 Rxb4
22.Rb1 a5 23.Rec1 Ke7 24.Rxb4 axb4 25.Nb5 Nd5 26.Kc4 Bc6 27.Kb3 Kd7 28.Na7
{#r} 1-0

[Event "It (open)"]
[Site "masterchessopen.com Sautron (France)"]
[Round "1"]
[White "Delalande Thierry (FRA)"]
[Black "Bagaturov Giorgi (GEO)"]
[Result "0-1"]
[WhiteElo "2183"]
[BlackElo "2473"]

1.d4 Nf6 2.c4 e6 3.Nc3 Bb4 4.Qc2 c5 5.dxc5 O-O 6.a3 Bxc5 7.Nf3 b6 8.e3 Bb7
9.Bd3 Nc6 10.O-O Rc8 11.b3 Ne7 12.Bb2 Bxf3 13.gxf3 Ng6 14.Rad1 Qe7 15.Kh1 Bxa3
16.Bxa3 Qxa3 17.Ra1 Qc5 18.Rxa7 Ne5 19.Ne4 Nxe4 20.fxe4 Nf3 21.Kg2 Qh5 {#R}
0-1

[Event "It (open)"]
[Site "masterchessopen.com Senden (Germany)"]
[Round "8"]
[White "Maksimenko Andrei (UKR)"]
[Black "Lingnau Carsten (GER)"]
[Result "0-1"]
[WhiteElo "2495"]
[BlackElo "2418"]

1.d4 Nf6 2.c4 e6 3.Nc3 Bb4 4.Qc2 c5 5.dxc5 O-O 6.a3 Bxc5 7.Nf3 b6 8.Bf4 Bb7
9.e3 Nc6 10.Be2 Be7 11.Rd1 Rc8 12.O-O Na5 13.Ne5 d6 14.b4 Nc6 15.Nf3 a6 16.Rd2
Qc7 17.Rfd1 Rfd8 18.c5 bxc5 19.bxc5 e5 20.Ng5 Na5 21.cxd6 Bxd6 22.Bg3 h6
23.Nf3 Ne4 24.Nxe4 Qxc2 25.Rxc2 Rxc2 26.Bd3 Bxe4 27.Bxe4 Rcc8 28.Bd5 Bxa3
29.e4 Bb2 30.Bxe5 Nc4 31.Bxb2 Nxb2 32.Ra1 {#R} 0-1

[Event "Olympiad (w)"]
[Site "masterchessopen.com Bled (Slovenia)"]
[Round "4"]
[White "Hoang Thanh Trang (HUN)"]
[Black "Peptan Corina-Isabela (ROM)"]
[Result "1-0"]
[WhiteElo "2445"]
[BlackElo "2470"]

1.d4 Nf6 2.c4 e6 3.Nc3 Bb4 4.Qc2 c5 5.dxc5 O-O 6.a3 Bxc5 7.Nf3 Qb6 8.e3 Be7
9.Be2 Nc6 10.O-O d6 11.b4 Bd7 12.Bb2 Rac8 13.Rfd1 Rfd8 14.Rac1 Be8 15.Ne4 e5
16.Nfg5 Nxe4 17.Nxe4 a5 18.b5 Nb8 19.Nc3 Bf8 20.Nd5 Qc5 21.Bc3 Bc6 22.Bxa5
Bxd5 23.Rxd5 Qxa3 24.Bxd8 Rxd8 25.Qd1 Rc8 26.Ra1 Qc3 27.Ra8 b6 28.Rxd6 g6
29.Rxb6 Nd7 30.Rxc8 Nxb6 31.Rxf8+ {#r} 1-0

[Event "It Copa Supercom"]
[Site "masterchessopen.com Bucharest (Romania)"]
[Round "10"]
[White "Svetushkin Dmitry (MDA)"]
[Black "Ionescu Constantin (ROM)"]
[Result "0-1"]
[WhiteElo "2542"]
[BlackElo "2473"]

1.d4 Nf6 2.c4 e6 3.Nc3 Bb4 4.Qc2 c5 5.dxc5 O-O 6.a3 Bxc5 7.Nf3 b6 8.Bf4 Nh5
9.Bg5 Be7 10.h4 Bb7 11.O-O-O Nc6 12.g4 Nf6 13.Bxf6 Bxf6 14.Ng5 Bxg5+ 15.hxg5
Qxg5+ 16.e3 h6 17.f4 Qxg4 18.Be2 Qg3 19.Qd2 Na5 20.Kc2 Bxh1 21.Rxh1 Rac8 22.b3
d5 23.cxd5 exd5 24.Kb2 Rxc3 25.Kxc3 Re8 {#R} 0-1

[Event "Memorial M.Najdorf (open)"]
[Site "masterchessopen.com Buenos Aires (Argentina)"]
[Round "4"]
[White "Cativelli Gerardo (ARG)"]
[Black "Garcia Campitelli Gonzalo (ARG)"]
[Result "1-0"]
[WhiteElo "2231"]
[BlackElo "2114"]

1.d4 Nf6 2.c4 e6 3.Nc3 Bb4 4.Qc2 c5 5.dxc5 O-O 6.Nf3 Bxc5 7.e3 d5 8.cxd5 exd5
9.Be2 Nc6 10.O-O Qe7 11.a3 Bg4 12.Rd1 Rfd8 13.b4 Bd6 14.Nb5 Bb8 15.Bb2 a6
16.Nbd4 Ne5 17.h3 Nxf3+ 18.Nxf3 Bh5 19.Qb3 Ba7 20.Bd4 Bb8 21.Rac1 Qe6 22.Bxf6
gxf6 23.Nd4 Bxe2 24.Nxe6 Bxd1 25.Rxd1 fxe6 26.e4 Bd6 27.exd5 e5 28.Qf3 Rf8
29.Qg4+ {#r} 1-0

[Event "Ch Balkan Countries"]
[Site "masterchessopen.com Istanbul (Turkey)"]
[Round "5"]
[White "Grigore George-Gabriel (ROM)"]
[Black "Vasovski Nikola (MKD)"]
[Result "1-0"]
[WhiteElo "2482"]
[BlackElo "2325"]

1.d4 Nf6 2.c4 e6 3.Nc3 Bb4 4.Qc2 c5 5.dxc5 O-O 6.a3 Bxc5 7.Nf3 b6 8.Bg5 h6
9.Bh4 Bb7 10.e4 Be7 11.Rd1 Nh5 12.Bxe7 Qxe7 13.Be2 Nf4 14.O-O f5 15.e5 Nc6
16.Qd2 Nxe2+ 17.Qxe2 Na5 18.Nd2 d6 19.b4 Nc6 20.exd6 Qxd6 21.Nf3 Qe7 22.b5 Nd8
23.Ne5 Qxa3 24.Rd3 Re8 25.Qh5 Rf8 26.Nd5 Qc5 27.Nd7 Qxc4 28.Ne7+ Kh8 29.Nxf8
{#r} 1-0

[Event "It (open)"]
[Site "masterchessopen.com Korinthos (Greece)"]
[Round "3"]
[White "Rychagov Andrey (RUS)"]
[Black "Khetsuriani Besarion (GEO)"]
[Result "1-0"]
[WhiteElo "2551"]
[BlackElo "2379"]

1.d4 Nf6 2.c4 e6 3.Nc3 Bb4 4.Qc2 c5 5.dxc5 O-O 6.a3 Bxc5 7.Nf3 Nc6 8.e3 d5
9.b4 Bd6 10.Bb2 a5 11.b5 Ne5 12.Nxe5 Bxe5 13.c5 Bd7 14.Na4 Ng4 15.Nb6 Rb8
16.h3 Bxb2 17.hxg4 {#r} 1-0